| 000 | 00854nam a22002537a 4500 | ||
|---|---|---|---|
| 001 | 6150 | ||
| 003 | FISKH | ||
| 005 | 20250320104505.0 | ||
| 008 | 250320b cb ||||| |||| 00| 0 eng d | ||
| 040 |
_aFISKH _beng _cFISKH _dFISKH |
||
| 050 | _aPZ7 | ||
| 082 | _a813 | ||
| 100 | _aAnonymous | ||
| 245 | _aCarla learns to share / | ||
| 260 |
_aNashville : _bCuddly Duck, _c2008. |
||
| 300 |
_a10 unnumbered pages : _bcolor illustrations ; _c19 cm |
||
| 505 | _aF | ||
| 520 | _aThis delightful board book makes story time an adventure. Follow along while Carla the cat learns valuable lessons about sharing. Your child will enjoy turning the pages and hearing the colorful tale. | ||
| 521 | 8 |
_a300
_bLexile estimate NP |
|
| 521 | 8 |
_aF
_bRaz-Plus |
|
| 650 |
_aAnimals _vSharing _xBoard Book |
||
| 942 |
_2ddc _cBK _n0 |
||
| 999 |
_c6150 _d6150 |
||